| 000 | 00632nam a2200193 i 4500 | ||
|---|---|---|---|
| 001 | 188842 | ||
| 003 | ES-MaACL | ||
| 005 | 20230906223321.0 | ||
| 008 | 190219s1963 sp |||| | cat d | ||
| 100 | 1 |
_aJaprisot, Sébastien ( _d1931-2003) _966078 |
|
| 245 | 1 | 0 |
_aVictimes en fals / _cSebastian Japrisot ; [traduccio de Joaquim Carbó]. |
| 260 |
_aBarcelona : _bEdiciones 62, _c[1963] |
||
| 300 |
_a152 p. ; _c18 cm. |
||
| 490 | 1 |
_aCol·lecció "La Cua de Palla" ; _v4 |
|
| 700 | 0 |
_aCarbó, Joaquín. _935016 |
|
| 830 | 0 |
_aCol·lecció "La Cua de Palla" ; _v4 _9193174 |
|
| 852 |
_aES-MaACL _jP-507-Bis-4 |
||
| 999 |
_c188842 _d188842 |
||